| 000 | 00000nas 2200000za 4500 |
| 001 | 9.515935 |
| 003 | CaOODSP |
| 005 | 20221107133856 |
| 007 | cr ||||||||||| |
| 008 | 150406c20139999mbcar p o f0 b0fre|d |
| 022 | |a2368-9854 |
| 040 | |aCaOODSP|bfre |
| 043 | |an-cn--- |
| 086 | 1 |aHP57-4F-PDF |
| 222 | 0|aSurveillance nationale en laboratoire maladie invasive due au streptocoque au Canada |
| 245 | 00|aSurveillance nationale en laboratoire maladie invasive due au streptocoque au Canada |h[ressource électronique] : |brapport sommaire annuel / |cUnité des streptocoques et des ITS, Programme de bactériologie et des maladies entériques, Laboratoire national de microbiologie, Agence de la santé publique du Canada [et] Maladies évitables par les vaccins, Centre de l'immunisation et des maladies respiratoires infectueuses, Agence de la santé publique du Canada [et] laboratoires de microbiologie provinciaux et territoriaux. |
| 246 | 3 |iLes livraisons de 2016- comportent le titre : |aSurveillance nationale en laboratoire de la maladie invasive due au streptocoque au Canada |
| 260 | |aWinnipeg : |bAgence de santé publique du Canada |
| 310 | |aAnnuel |
| 362 | 1 |aParaît depuis 2013. |
| 500 | |aPubl. aussi en anglais sous le titre : National laboratory surveillance of invasive streptococcal disease in Canada. |
| 515 | |aLes livr. de 2015 n'ont pas été publié. |
| 692 | 07|2gccst|aMaladie infectieuse |
| 692 | 07|2gccst|aÉpidémiologie |
| 710 | 2 |aLaboratoire national de microbiologie (Canada) |
| 710 | 2 |aAgence de santé publique du Canada. |
| 775 | 08|tNational laboratory surveillance of invasive streptococcal disease in Canada |w(CaOODSP)9.512574 |
| 780 | 00|tSurveillance nationale des infections invasives à Streptococcus pneumoniae et à Streptococcus pyogenes au Canada |w(CaOODSP)9.504085 |